000 00832nam a2200241 i 4500
001 73240
003 ES-MaACL
005 20230906171721.0
007 t|
008 040922s2003 sp ||||1| spa d
020 _a84-95889-60-9
080 _a338.439.63(460.27 M.)"1936/39"
080 _a338.439(460.27)"1936/39"
100 1 _aGutiérrez Rueda, Laura.
_961220
245 1 3 _aEl hambre en el Madrid de la Guerra Civil (1936-1939) /
_cLaura Gutiérrez Rueda, Carmen Gutiérrez Rueda.
260 _aMadrid :
_bLa Librería,
_c[2003]
300 _a158 p. :
_bil. ;
_c21 cm.
504 _aBibliografía: p. 153-158.
650 1 4 _aHambre-
_zMadrid-
_y1936-1939.
_913293
650 1 4 _aAlimentos-
_xAbastecimiento-
_zMadrid-
_y1936-1939.
_99733
700 1 _aGutiérrez Rueda, Carmen.
_961219
852 _aES-MaACL
_jL-28136
_bR.134106
999 _c73240
_d73240